| 000 | 00936nam a22002297a 4500 | ||
|---|---|---|---|
| 005 | 20250509125110.0 | ||
| 008 | 250509b |||||||| |||| 00| 0 eng d | ||
| 020 | _a978-81-71126-782-1 (pbk) | ||
| 037 | _cTB | ||
| 040 |
_aCRL _cCRL |
||
| 041 |
_2Pun _aPun |
||
| 084 |
_aO153,3N372x R4 _qCRL |
||
| 100 |
_aਧੀਮਾਨ, ਹਰਬੰਸ ਸਿੰਘ _9783985 |
||
| 245 | _aਅਫ਼ਜ਼ਲ ਅਹਸਨ ਰੰਧਾਵਾ ਦੇ ਨਾਵਲ | ||
| 260 |
_aਦਿੱਲੀ, ਭਾਰਤ: _bਨੈਸ਼ਨਲ ਬੁੱਕ ਸ਼ੋਪ, _c2024. |
||
| 300 | _a271 ਪ. | ||
| 365 |
_b500.00 _cINR |
||
| 650 |
_aਪੰਜਾਬੀ ਸਾਹਿਤ _9783986 |
||
| 650 |
_aਪੰਜਾਬੀ ਕਹਾਣੀ _9783987 |
||
| 942 |
_2CC _cTB _hO153,3N372x R4 _n0 |
||
| 999 |
_c1400702 _d1400702 |
||